1326 1423 1023 1845 1280 1852 1810 1400 1034 1527 1145 1637 1628 1037 1334 1733 1590 1878 1852 1034 1936 1758 1479 1883 1760 1428 1614 1028 1560 1990 1710 1555 1878 1913 1156 1862 1833 1837 1778 1826 1130 1441 1319 1987 1536 1774 1699 1545 1763 1306 1404 1009 1787 1548 1566 1101 1627 1440 1012 1826 1403 1794 1930 1679 1796 1610 1152 1436 1466 1504 1357 1728 1148 1931 1595 1710 1356 1100 1843 1977 1765 1838 1206 1857 1257 1704 1966 1598 1600 1275 1285 1193 1488 1928 1073 1969 1491 1756 1080 BCNSPRNW ULIB Ver.6.0+V

เปลี่ยนเป็นภาษาไทย

Change to English
 แสดงรายละเอียดบรรณานุกรม
  กลับหน้าหลัก

Brief Record : Get Marc (ISO 2709) : E-mail record : QR code < ปิดหน้าต่าง
LEADER : 00000nam 2200000uu 4500
001    13399111769
003     ULIB
008    110627s2553||||th 000 0 tha d
020    9786167346038
090    นว.^bก169ร 2553
100 0  กรยมล
245 00 รักได้ไหมถ้าหัวใจยังว่าง/^cกรยมล
250    พิมพ์ครั้งที่ 1
260    กรุงเทพฯ :^bฐานบัณฑิต,^c2553
300    288 หน้า
945    ^p210^l0^i028081
995    ทศพร
999 ^a ใช้งานได้ทุกระบบ
รายการนี้ยังไม่มีแท็ก
คุณยังไม่ได้ล็อกอิน คุณสามารถมีกิจกรรมร่วมกับเว็บไซต์ได้ แต่ต้องล็อกอินก่อน ::
  ล็อกอิน

รายการสื่อสารสนเทศ

ลำดับที่ ประเภท เลขเรียก/บาร์โค้ด สถานที่ สถานะ
- ไม่พบข้อมูล -

BibComment


ยังไม่เคยถูกคอมเมนท์

คอมเมนท์ทรัพยากรรายการนี้
  คอมเมนท์: รักได้ไหมถ้าหัวใจ..


 Copyright 2026. Bcnsprnw @Library